SVU QUIZ - Statistics

General Stats
  • This quiz has been taken 177 times
  • The average score is 12 of 15
Answer Stats
Questions Answer % Correct
What is Benson's First Name? Olivia
100%
How many Children did Stabler have? 5
97%
How many Children did Amaro have? 2
96%
How many Ex Wives did Munch have? 3
95%
What Season did Stabler leave? 12
94%
Who Plays Fin Tutuola? Ice-T
90%
What year did SVU first air? 1999
89%
What season was Benson Kidnapped by William Lewis? 14
87%
As of 2019 how many seasons of SVU are there? 20
87%
What is the name of Benson's Adopted son? Noah
82%
Who was the DA from Season 5 to 9? Casey Novak
65%
What Rank is Benson Currently? Lieutenant
59%
Which of Stabler's Children has Bipolar Disorder? Kathleen
58%
Who plays Amanda Rollins? Kelli Giddish
55%
Who was Munch's First Partner? Brian Cassidy
37%
No matching quizzes found
Score Distribution
Percent of People with Each Score
Percentile by Number Answered
Your Score History
You have not taken this quiz